| 000 | 00668nam a22002777a 4500 | ||
|---|---|---|---|
| 001 | BR2020000072 | ||
| 003 | BR-BrBNA | ||
| 005 | 20231009094424.0 | ||
| 008 | 230509b bl.||||| |||| 00| 0 por d | ||
| 020 | _a978-85-912734-0-9 | ||
| 040 |
_aBR-BrBNA _bpor |
||
| 041 | _a(Eng, Por) | ||
| 072 | _aM40 | ||
| 100 | 1 | _aBezerra, E. | |
| 130 | _lPor | ||
| 245 | _aCosta Negra Ceará - Brasil 2011 | ||
| 260 | 3 |
_aFortaleza, CE (Brasil): _c2011. |
|
| 300 | _a164 p. | ||
| 650 | _aECOLOGIA | ||
| 650 | _aNATUREZA | ||
| 650 | _aTURISMO | ||
| 650 | _aCARCINOCULTURA | ||
| 909 |
_a202011 _bMara |
||
| 942 | _cBK | ||
| 999 |
_c85338 _d85338 |
||